|
|
|
|
| LEADER |
00000ny a22000003n 4500 |
| 005 |
20110620141712.0 |
| 008 |
A10218s2005 sp || 000|0 spa d |
| 035 |
|
|
|a 1160
|
| 040 |
|
|
|a BUS
|d vLex
|
| 080 |
|
|
|a 343.137.5 460
|
| 080 |
|
|
|a 343.197.8 460
|
| 090 |
|
|
|c 890
|d 890
|
| 100 |
1 |
|
|a Martn̕ Ostos, Jos ̌de los Santos
|
| 245 |
1 |
0 |
|a Jurisdiccin̤ de menores
|h [Recurso electrn̤ico]
|c Jos ̌de los S. Martn̕ Ostos
|
| 256 |
|
|
|a Servicio en ln̕ea
|
| 260 |
|
|
|a Barcelona :
|b Bosch,
|c 2005
|
| 300 |
|
|
|a p. ;
|c cm
|
| 506 |
1 |
|
|a Contenido solo disponible en los productos indicados
|d vLex Global
|d vLex Global (Academic Edition, excluding Law Schools)
|d vLex Global (U.S. Academic Edition, Law Schools)
|d vLex Global (U.S. Academic Edition, excluding Law Schools)
|d vLex Global (Academic Edition, Law Schools)
|
| 650 |
0 |
7 |
|a Derecho internacional
|2 Tesauro vLex
|
| 650 |
0 |
7 |
|a Civil
|2 Tesauro vLex
|
| 650 |
0 |
7 |
|a Juzgados de menores
|2 Tesauro vLex
|
| 650 |
0 |
7 |
|a Juez de menores
|2 Tesauro vLex
|
| 740 |
0 |
|
|a vLex Libros (Servicios en ln̕ea)
|
| 856 |
4 |
0 |
|u http://vlex.com/source/1160
|z Acceso restringido
|
| 942 |
|
|
|c BOOK
|
| 999 |
0 |
|
|a International Law
|b Barcelona
|